000 00465cam a2200157 i 4500
005 20260308095651.0
008 250721s2004 xxu gr 000 0 eng d
082 1 4 _a751.73
_bG A N
100 1 _aganz, nicholas
_eEditor.
245 1 0 _aGraffiti world street art form five continents /
_cNicholas Ganz . Tristan Manco.
264 3 1 _anew york :
_babrams,
_c2004.
300 _a375 Page.
650 1 7 _aGRAFFITIY.
942 _2ddc
_cBK
999 _c135280
_d135280